000 00907nam a2200253 a 4500
001 74274
003 BD-RjUL
005 20211209082529.0
008 180513s2016bg a|||| b||| 00| 0 eng d
020 _a9789843410754
_c: Tk. 300.00
035 _a(BD-RjUL)74492
040 _aBD-RjUL
_beng
_cBD-RjUL
_dBD-RjUL
041 _aeng
082 _223
_a303.6095492
_bRAU 2016
100 1 _aRahman, Tareque M. Taufuqur
_9221409
245 1 _aUpazila Chairman & Local MP's Conflict Devices to Accommodate /
_cDr. Tareque M. Taufiqur Rahman and Dr. Md. Habibullah
260 _aDhaka :
_bKT3 Publishers,
_c2016
300 _a138 p. :
_bill. ;
_c20 cm.
504 _aIncludes bibliographies and appendix.
650 _aরাজনৈতিক সহিংসতা
_zবাংলাদেশ
_9221410
650 _aPolitical violence
_zBangladesh.
_9221411
700 1 _aHabibullah, Md.
_9221412
942 _2ddc
_cBK
999 _c74274
_d74274